000 00998nac a22003017a 4500
001 BR7702608
003 BR-BrBNA
005 20240105114054.0
008 230509b bl.|||m| |||| 00| 0 por d
040 _aBR-BrBNA
_bpor
_cBiblioteca Nacional de Agricultura
072 _aF00; Q10; L30
090 _a0331 BR7702608
100 1 _aCarvalho, E.R.
110 1 _aCentro Nacional de Recursos Geneticos, Brasilia, DF (Brasil)
_91868
245 1 _aBibliografia de mamona [Ricinus communis; Nutricao animal; Producao vegetal; Tecnologia de alimento]
260 3 _aBrasilia, DF (Brasil):
_c1977.
300 _a51 p.
490 _aSerie Bibliografia - Centro Nacional de Recursos Geneticos (Brazil)
_vno. 2
_x
650 _aProducao vegetal
650 _aTecnologia de alimento
650 _aNutricao animal
650 _aMamona
650 _aPratica cultural
650 _aAdubacao
650 _aDefesa vegetal
909 _a202312
_bLúcia Elande
_c55
_dLúcia Elande
942 _2AGRIS
_n0
_cMS
999 _c267228
_d267228